[Event "CP-2017-Q-00008"]
[White "Grammatica, Andrea"]
[Black "Schrancz, Istvan"]
[Site "LSS email"]
[Round "?"]
[Result "1/2-1/2"]
[Date "2017.11.19"]
[WhiteElo "2281"]
[BlackElo "2267"]
[PlyCount "36"]
[EventDate "2017.11.25"]
[EventType "tourn (corr)"]
[EventRounds "6"]
[EventCountry "GER"]
[SourceTitle "Corr 2022"]
[Source "ChessBase"]
[SourceDate "2021.10.24"]
[SourceVersion "1"]
[SourceVersionDate "2021.10.24"]
[SourceQuality "1"]

1. d4 d5 2. c4 e6 3. Nc3 Nf6 4. cxd5 exd5 5. Bg5 c6 6. Qc2 Be7 7. e3 Nbd7 8. Bd3 h6 9. Bh4 Nh5 10. Bxe7 Qxe7 11. 0-0-0 Nb6 12. Kb1 Nf6 13. Rc1 Be6 14. Nf3 Nfd7 15. Nd2 0-0-0 16. Nb3 Kb8 17. f3 g6 18. Rhe1 Qd6 1/2-1/2

[Event "CP-2017-Q-00008"]
[White "Laine, Jari"]
[Black "Schrancz, Istvan"]
[Site "LSS email"]
[Round "?"]
[Result "1-0"]
[Date "2017.11.19"]
[WhiteElo "1987"]
[BlackElo "2267"]
[PlyCount "45"]
[EventDate "2017.11.25"]
[EventType "tourn (corr)"]
[EventRounds "6"]
[EventCountry "GER"]
[SourceTitle "Corr 2022"]
[Source "ChessBase"]
[SourceDate "2021.10.24"]
[SourceVersion "1"]
[SourceVersionDate "2021.10.24"]
[SourceQuality "1"]

1. d4 d5 2. Bf4 Nf6 3. e3 e6 4. Nf3 c5 5. c3 Nc6 6. Nbd2 Bd6 7. Bg3 0-0 8. Bd3 b6 9. e4 Be7 10. e5 Nh5 11. Ng5 Bxg5 12. Qxh5 g6 13. Qe2 cxd4 14. h4 Be7 15. h5 Kg7 16. Nf3 dxc3 17. bxc3 Bd7 18. Qe3 g5 19. h6+ Kh8 20. Bc2 Rg8 21. Qd3 Rg6 22. Qd2 Na5 23. Bxg6 1-0

[Event "CP-2017-P-00027"]
[White "Schrancz, Istvan"]
[Black "Roberts, Anthony"]
[Site "LSS email"]
[Round "?"]
[Result "1/2-1/2"]
[Date "2017.09.27"]
[WhiteElo "2262"]
[BlackElo "2360"]
[PlyCount "33"]
[EventDate "2017.10.01"]
[EventType "tourn (corr)"]
[EventRounds "6"]
[EventCountry "GER"]
[SourceTitle "Corr 2022"]
[Source "ChessBase"]
[SourceDate "2021.10.24"]
[SourceVersion "1"]
[SourceVersionDate "2021.10.24"]
[SourceQuality "1"]

1. d4 Nf6 2. Nf3 d5 3. c4 e6 4. e3 b6 5. Nc3 Bd6 6. Bd3 Bb7 7. 0-0 0-0 8. b3 Nbd7 9. Bb2 a6 10. Rc1 c5 11. cxd5 exd5 12. Ne2 Re8 13. Ng3 g6 14. Qe2 Qe7 15. Rfd1 Rec8 16. Qd2 Rd8 17. Qe2 1/2-1/2

[Event "CP-2017-P-00027"]
[White "Schrancz, Istvan"]
[Black "Stuart, Keith"]
[Site "LSS email"]
[Round "?"]
[Result "1-0"]
[Date "2017.09.27"]
[WhiteElo "2262"]
[BlackElo "1390"]
[PlyCount "67"]
[EventDate "2017.10.01"]
[EventType "tourn (corr)"]
[EventRounds "6"]
[EventCountry "GER"]
[SourceTitle "Corr 2022"]
[Source "ChessBase"]
[SourceDate "2021.10.24"]
[SourceVersion "1"]
[SourceVersionDate "2021.10.24"]
[SourceQuality "1"]

1. d4 d5 2. c4 e6 3. Nf3 c5 4. e3 Nc6 5. a3 Nf6 6. Nc3 cxd4 7. exd4 Be7 8. Bd3 dxc4 9. Bxc4 0-0 10. 0-0 Bd7 11. Re1 Rc8 12. Ba2 Qb6 13. Qd3 Na5 14. Rb1 Nb3 15. Be3 Ng4 16. Bg5 Bxg5 17. Nxg5 Nf6 18. Nce4 Nxe4 19. Qxe4 g6 20. Qh4 h5 21. Bxb3 Qxb3 22. Ne4 Rfd8 23. Qe7 Bc6 24. Nf6+ Kg7 25. Nxh5+ Kg8 26. Re3 Qc2 27. Rbe1 Qd2 28. Rxe6 gxh5 29. R6e3 Qxd4 30. Rg3+ Kh8 31. Qxf7 Be4 32. h3 Rd7 33. Qxh5+ Rh7 34. Qg4 1-0

[Event "WC-2017-S-00003"]
[White "Bergmann, Michael"]
[Black "Schrancz, Istvan"]
[Site "LSS email"]
[Round "?"]
[Result "1/2-1/2"]
[Date "2017.06.07"]
[WhiteElo "2475"]
[BlackElo "2239"]
[PlyCount "77"]
[EventDate "2017.06.15"]
[EventType "tourn (corr)"]
[EventRounds "12"]
[EventCountry "GER"]
[SourceTitle "Corr 2022"]
[Source "ChessBase"]
[SourceDate "2021.10.24"]
[SourceVersion "1"]
[SourceVersionDate "2021.10.24"]
[SourceQuality "1"]

1. e4 e5 2. Nf3 Nc6 3. Bb5 a6 4. Ba4 Nf6 5. 0-0 Be7 6. Re1 b5 7. Bb3 d6 8. c3 0-0 9. h3 Bb7 10. d4 Re8 11. Nbd2 Bf8 12. a3 h6 13. Bc2 Nb8 14. b4 Nbd7 15. Bb2 Nb6 16. dxe5 dxe5 17. c4 c5 18. cxb5 cxb4 19. bxa6 Bxa6 20. axb4 Bxb4 21. Bb3 Bd6 22. Nf1 Qb8 23. Ne3 Nbd7 24. Ng4 Bb7 25. Rb1 Qc7 26. Nh4 Rab8 27. Rc1 Qb6 28. Nf5 Bf8 29. Ba1 h5 30. Nxf6+ Nxf6 31. Qf3 Bxe4 32. Bxf7+ Kxf7 33. Rxe4 Nxe4 34. Nd6+ Kg8 35. Qf7+ Kh7 36. Qxh5+ Kg8 37. Nxe4 Rbc8 38. Re1 Be7 39. Bxe5 1/2-1/2

[Event "WC-2017-S-00004"]
[White "Lelito, Jerzy"]
[Black "Schrancz, Istvan"]
[Site "LSS email"]
[Round "?"]
[Result "1/2-1/2"]
[Date "2017.05.17"]
[WhiteElo "2255"]
[BlackElo "2241"]
[PlyCount "56"]
[EventDate "2017.06.01"]
[EventType "tourn (corr)"]
[EventRounds "12"]
[EventCountry "GER"]
[SourceTitle "Corr 2024"]
[Source "ChessBase"]
[SourceDate "2023.10.19"]
[SourceVersion "1"]
[SourceVersionDate "2023.10.19"]
[SourceQuality "1"]

1. e4 e5 2. Nf3 Nc6 3. Bb5 a6 4. Ba4 Nf6 5. 0-0 Be7 6. Re1 b5 7. Bb3 d6 8. c3 0-0 9. h3 Bb7 10. d4 Re8 11. Nbd2 exd4 12. cxd4 Nd7 13. Nf1 Na5 14. Bc2 c5 15. d5 Nc4 16. b3 Bf6 17. Rb1 Nce5 18. N3h2 Ng6 19. Ng3 Bc8 20. Ng4 Bc3 21. Bd2 Bxd2 22. Qxd2 Nf6 23. Nxf6+ Qxf6 24. e5 Rxe5 25. Bxg6 hxg6 26. Rxe5 dxe5 27. Ne4 Qb6 28. Rc1 Bf5 1/2-1/2

[Event "WC-2017-S-00004"]
[White "Schrancz, Istvan"]
[Black "Fernandez, Javier Horacio"]
[Site "LSS email"]
[Round "?"]
[Result "1/2-1/2"]
[Date "2017.05.17"]
[WhiteElo "2241"]
[BlackElo "2305"]
[PlyCount "40"]
[EventDate "2017.06.01"]
[EventType "tourn (corr)"]
[EventRounds "12"]
[EventCountry "GER"]
[SourceTitle "Corr 2024"]
[Source "ChessBase"]
[SourceDate "2023.10.19"]
[SourceVersion "1"]
[SourceVersionDate "2023.10.19"]
[SourceQuality "1"]

1. d4 Nf6 2. c4 e6 3. g3 d5 4. Nf3 Bb4+ 5. Bd2 Be7 6. Bg2 c6 7. Qc2 0-0 8. 0-0 b6 9. Rd1 Ba6 10. b3 Nbd7 11. Bf4 Rc8 12. Nc3 Qe8 13. e4 dxc4 14. Nb1 b5 15. bxc4 bxc4 16. Nc3 Qd8 17. Rab1 Qa5 18. h3 h6 19. Bd2 Qa3 20. Bc1 Qa5 1/2-1/2

[Event "WC-2017-S-00004"]
[White "Schrancz, Istvan"]
[Black "Khanas, VLerij"]
[Site "LSS email"]
[Round "?"]
[Result "1/2-1/2"]
[Date "2017.05.17"]
[WhiteElo "2241"]
[BlackElo "2315"]
[PlyCount "47"]
[EventDate "2017.06.01"]
[EventType "tourn (corr)"]
[EventRounds "12"]
[EventCountry "GER"]
[SourceTitle "Corr 2024"]
[Source "ChessBase"]
[SourceDate "2023.10.19"]
[SourceVersion "1"]
[SourceVersionDate "2023.10.19"]
[SourceQuality "1"]

1. d4 Nf6 2. c4 e6 3. g3 d5 4. Nf3 dxc4 5. Bg2 a6 6. 0-0 Nc6 7. Bg5 Be7 8. e3 Nd5 9. Bxe7 Ncxe7 10. a4 Rb8 11. Ne5 b5 12. axb5 axb5 13. b3 f6 14. bxc4 fxe5 15. cxd5 exd4 16. Qxd4 0-0 17. Nc3 exd5 18. Nxd5 Be6 19. Nb4 Bc4 20. Rfc1 Qxd4 21. exd4 Rbd8 22. d5 g5 23. Ra7 Rd7 24. Bh3 1/2-1/2

[Event "WC-2017-P-00017"]
[White "Dard, Michel"]
[Black "Schrancz, Istvan"]
[Site "LSS email"]
[Round "?"]
[Result "1/2-1/2"]
[Date "2017.01.23"]
[WhiteElo "2310"]
[BlackElo "2230"]
[PlyCount "38"]
[EventDate "2017.02.01"]
[EventType "tourn (corr)"]
[EventRounds "12"]
[EventCountry "GER"]
[SourceTitle "Corr 2022"]
[Source "ChessBase"]
[SourceDate "2021.10.24"]
[SourceVersion "1"]
[SourceVersionDate "2021.10.24"]
[SourceQuality "1"]

1. d4 Nf6 2. Nf3 d5 3. c4 e6 4. Nc3 Bb4 5. e3 0-0 6. Bd3 b6 7. 0-0 Ba6 8. cxd5 exd5 9. Bxa6 Nxa6 10. Qd3 Qc8 11. b3 Bxc3 12. Qxc3 Ne4 13. Qb2 Qb7 14. Bd2 c5 15. dxc5 bxc5 16. Bc3 f6 17. Nd2 Nxc3 18. Qxc3 Rac8 19. Nf3 Rfd8 1/2-1/2

[Event "WC-2017-P-00017"]
[White "Esin, Maxim"]
[Black "Schrancz, Istvan"]
[Site "LSS email"]
[Round "?"]
[Result "1-0"]
[Date "2017.01.23"]
[WhiteElo "2215"]
[BlackElo "2230"]
[PlyCount "65"]
[EventDate "2017.02.01"]
[EventType "tourn (corr)"]
[EventRounds "12"]
[EventCountry "GER"]
[SourceTitle "Corr 2022"]
[Source "ChessBase"]
[SourceDate "2021.10.24"]
[SourceVersion "1"]
[SourceVersionDate "2021.10.24"]
[SourceQuality "1"]

1. d4 d5 2. c4 e6 3. Nc3 Bb4 4. Nf3 Nf6 5. Bg5 dxc4 6. e4 c5 7. Bxc4 cxd4 8. Nxd4 Qa5 9. Bd2 Qc5 10. Bb5+ Bd7 11. Nb3 Qe7 12. Bd3 Nc6 13. 0-0 0-0 14. Qe2 a5 15. e5 Nd5 16. a4 Rfd8 17. f4 Bc5+ 18. Kh1 Bb6 19. Nxd5 exd5 20. Rae1 Re8 21. Qf3 Rad8 22. h3 Nb4 23. f5 Qf8 24. e6 fxe6 25. f6 Qf7 26. Bxb4 axb4 27. Re5 Rf8 28. Rg5 g6 29. h4 e5 30. h5 e4 31. Qg3 Kh8 32. hxg6 hxg6 33. Rf4 1-0

[Event "WC-2017-P-00017"]
[White "Schrancz, Istvan"]
[Black "Canizares Cuadra, Pedro"]
[Site "LSS email"]
[Round "?"]
[Result "1/2-1/2"]
[Date "2017.01.23"]
[WhiteElo "2230"]
[BlackElo "2317"]
[PlyCount "54"]
[EventDate "2017.02.01"]
[EventType "tourn (corr)"]
[EventRounds "12"]
[EventCountry "GER"]
[SourceTitle "Corr 2022"]
[Source "ChessBase"]
[SourceDate "2021.10.24"]
[SourceVersion "1"]
[SourceVersionDate "2021.10.24"]
[SourceQuality "1"]

1. d4 Nf6 2. c4 e6 3. Nc3 d5 4. Nf3 c6 5. e3 Nbd7 6. Qc2 Bd6 7. b3 0-0 8. Be2 b6 9. 0-0 Bb7 10. Bb2 Rc8 11. e4 Nxe4 12. Nxe4 dxe4 13. Qxe4 Nf6 14. Qc2 c5 15. Rad1 Be4 16. Qd2 Qc7 17. dxc5 Bxc5 18. Qg5 Be7 19. Be5 Qc5 20. Qf4 Bb7 21. Bd4 Qf5 22. Qxf5 exf5 23. Ba1 g6 24. Ne5 Rfe8 25. Bf3 Bxf3 26. Nxf3 Ne4 27. g3 a6 1/2-1/2

[Event "WC-2017-P-00017"]
[White "Schrancz, Istvan"]
[Black "Vio, Mauro"]
[Site "LSS email"]
[Round "?"]
[Result "1-0"]
[Date "2017.01.23"]
[WhiteElo "2230"]
[BlackElo "1423"]
[PlyCount "45"]
[EventDate "2017.02.01"]
[EventType "tourn (corr)"]
[EventRounds "12"]
[EventCountry "GER"]
[SourceTitle "Corr 2022"]
[Source "ChessBase"]
[SourceDate "2021.10.24"]
[SourceVersion "1"]
[SourceVersionDate "2021.10.24"]
[SourceQuality "1"]

1. d4 Nf6 2. c4 e6 3. Nc3 Bb4 4. e3 d5 5. Qa4+ Nc6 6. Nf3 0-0 7. Bd2 Bd7 8. Qc2 Be7 9. a3 Re8 10. Rd1 a6 11. Bc1 h6 12. Ne5 Nxe5 13. dxe5 Ng4 14. f4 Bc5 15. Qe2 h5 16. g3 c6 17. h3 Nh6 18. Qxh5 Nf5 19. Bd3 dxc4 20. Bc2 Qc7 21. Ne4 Bxe3 22. Bxe3 Qa5+ 23. Kf2 1-0

[Event "CP-2016-P-00042"]
[White "Schrancz, Istvan"]
[Black "Borisovs, Leonids"]
[Site "LSS email"]
[Round "?"]
[Result "1/2-1/2"]
[Date "2016.09.27"]
[WhiteElo "2248"]
[BlackElo "2115"]
[PlyCount "31"]
[EventDate "2016.10.01"]
[EventType "tourn (corr)"]
[EventRounds "6"]
[EventCountry "GER"]
[SourceTitle "Corr 2022"]
[Source "ChessBase"]
[SourceDate "2021.10.24"]
[SourceVersion "1"]
[SourceVersionDate "2021.10.24"]
[SourceQuality "1"]

1. d4 Nf6 2. Bf4 g6 3. Nc3 Bg7 4. Nf3 d5 5. Qd2 0-0 6. Bh6 Ne4 7. Qe3 Nxc3 8. Bxg7 Kxg7 9. Qxc3 Qd6 10. e3 Bf5 11. Bd3 Bxd3 12. cxd3 Nc6 13. Rc1 a5 14. 0-0 a4 15. a3 Rfc8 16. Rfe1 1/2-1/2

[Event "CP-2016-P-00042"]
[White "Schrancz, Istvan"]
[Black "Eman, Juan"]
[Site "LSS email"]
[Round "?"]
[Result "1/2-1/2"]
[Date "2016.09.27"]
[WhiteElo "2248"]
[BlackElo "2253"]
[PlyCount "51"]
[EventDate "2016.10.01"]
[EventType "tourn (corr)"]
[EventRounds "6"]
[EventCountry "GER"]
[SourceTitle "Corr 2022"]
[Source "ChessBase"]
[SourceDate "2021.10.24"]
[SourceVersion "1"]
[SourceVersionDate "2021.10.24"]
[SourceQuality "1"]

1. d4 Nf6 2. c4 e6 3. Nf3 b6 4. g3 Ba6 5. b3 Bb4+ 6. Bd2 Be7 7. Bg2 c6 8. Bc3 d5 9. Nbd2 Nbd7 10. 0-0 0-0 11. Re1 c5 12. e4 dxe4 13. Nxe4 Nxe4 14. Rxe4 Bb7 15. Re2 Bf6 16. Rd2 Qe7 17. Qc2 Rad8 18. Rad1 h6 19. h3 Bxf3 20. Bxf3 Bxd4 21. Bxd4 cxd4 22. Rxd4 Ne5 23. Bg2 Rxd4 24. Rxd4 Rc8 25. Kh2 Nd7 26. Rd2 1/2-1/2

[Event "WC-2016-Q-00015"]
[White "Bakhmatov, Andrey"]
[Black "Schrancz, Istvan"]
[Site "LSS email"]
[Round "?"]
[Result "1-0"]
[Date "2016.08.29"]
[WhiteElo "2366"]
[BlackElo "2248"]
[PlyCount "71"]
[EventDate "2016.09.03"]
[EventType "tourn (corr)"]
[EventRounds "12"]
[EventCountry "GER"]
[SourceTitle "Corr 2022"]
[Source "ChessBase"]
[SourceDate "2021.10.24"]
[SourceVersion "1"]
[SourceVersionDate "2021.10.24"]
[SourceQuality "1"]

1. d4 d5 2. c4 dxc4 3. e4 Nc6 4. Nf3 Nf6 5. Nc3 Bg4 6. Be3 e6 7. Bxc4 Bb4 8. Qd3 Bxf3 9. gxf3 Na5 10. Rg1 0-0 11. 0-0-0 Kh8 12. Ne2 Nxc4 13. Qxc4 a5 14. Qb3 Qc8 15. a3 Be7 16. d5 a4 17. Qc3 exd5 18. Rxd5 Ra6 19. Kb1 Rc6 20. Qd4 Rb6 21. Ka1 c5 22. Qc3 Rc6 23. Re5 Qc7 24. Reg5 Ne8 25. Bf4 Qb6 26. Rd5 Nf6 27. Rd2 Ra8 28. Rgd1 Qa6 29. Ng3 b5 30. Nf5 b4 31. Qe3 Bf8 32. Bd6 Bxd6 33. Nxd6 Rc7 34. e5 Ne8 35. e6 fxe6 36. Qf4 1-0

[Event "WC-2016-Q-00015"]
[White "Schrancz, Istvan"]
[Black "Krueger, Hilmar"]
[Site "LSS email"]
[Round "?"]
[Result "1/2-1/2"]
[Date "2016.08.29"]
[WhiteElo "2248"]
[BlackElo "2260"]
[PlyCount "37"]
[EventDate "2016.09.03"]
[EventType "tourn (corr)"]
[EventRounds "12"]
[EventCountry "GER"]
[SourceTitle "Corr 2022"]
[Source "ChessBase"]
[SourceDate "2021.10.24"]
[SourceVersion "1"]
[SourceVersionDate "2021.10.24"]
[SourceQuality "1"]

1. d4 Nf6 2. Bf4 d5 3. e3 c5 4. c3 cxd4 5. exd4 Bf5 6. Qb3 Qc8 7. Nd2 Nc6 8. Ngf3 h6 9. Ne5 e6 10. Be2 Bd6 11. Bg3 Qc7 12. Nd3 0-0 13. 0-0 Rab8 14. Bxd6 Qxd6 15. a4 Qc7 16. Rfe1 Rbc8 17. g3 Rfd8 18. Qd1 Ne4 19. Nf1 1/2-1/2

[Event "WC-2016-Q-00015"]
[White "Schubert, Volker"]
[Black "Schrancz, Istvan"]
[Site "LSS email"]
[Round "?"]
[Result "1/2-1/2"]
[Date "2016.08.29"]
[WhiteElo "2170"]
[BlackElo "2248"]
[PlyCount "27"]
[EventDate "2016.09.03"]
[EventType "tourn (corr)"]
[EventRounds "12"]
[EventCountry "GER"]
[SourceTitle "Corr 2022"]
[Source "ChessBase"]
[SourceDate "2021.10.24"]
[SourceVersion "1"]
[SourceVersionDate "2021.10.24"]
[SourceQuality "1"]

1. d4 d5 2. c4 dxc4 3. Nf3 Nf6 4. Nc3 a6 5. e4 b5 6. e5 Nd5 7. a4 e6 8. axb5 Nb6 9. Be3 axb5 10. Nxb5 Bb4+ 11. Nc3 Rxa1 12. Qxa1 Nc6 13. Be2 Bb7 14. 0-0 1/2-1/2

[Event "WC-2016-Q-00015"]
[White "Steinke, Ruediger"]
[Black "Schrancz, Istvan"]
[Site "LSS email"]
[Round "?"]
[Result "1/2-1/2"]
[Date "2016.08.29"]
[WhiteElo "2313"]
[BlackElo "2248"]
[PlyCount "35"]
[EventDate "2016.09.03"]
[EventType "tourn (corr)"]
[EventRounds "12"]
[EventCountry "GER"]
[SourceTitle "Corr 2022"]
[Source "ChessBase"]
[SourceDate "2021.10.24"]
[SourceVersion "1"]
[SourceVersionDate "2021.10.24"]
[SourceQuality "1"]

1. e4 e5 2. Nf3 Nc6 3. Bb5 a6 4. Ba4 Nf6 5. 0-0 Be7 6. Re1 b5 7. Bb3 d6 8. h3 Na5 9. d3 0-0 10. Nbd2 Re8 11. Nf1 h6 12. Bd2 Nxb3 13. axb3 Bf8 14. c4 c6 15. Bc3 Rb8 16. b4 bxc4 17. dxc4 Nh5 18. Nxe5 1/2-1/2

[Event "CP-2015-Q-00005"]
[White "Schrancz, Istvan"]
[Black "Jablonski, Czeslaw"]
[Site "LSS email"]
[Round "?"]
[Result "1/2-1/2"]
[Date "2015.12.02"]
[WhiteElo "2259"]
[BlackElo "2057"]
[PlyCount "54"]
[EventDate "2015.12.08"]
[EventType "tourn (corr)"]
[EventRounds "6"]
[EventCountry "GER"]
[SourceTitle "Corr 2022"]
[Source "ChessBase"]
[SourceDate "2021.10.24"]
[SourceVersion "1"]
[SourceVersionDate "2021.10.24"]
[SourceQuality "1"]

1. d4 Nf6 2. c4 e6 3. g3 d5 4. Nf3 Bb4+ 5. Bd2 Be7 6. Bg2 0-0 7. 0-0 c6 8. Qc2 Nbd7 9. Rd1 b6 10. Bf4 Bb7 11. Ne5 Nh5 12. Bd2 Nhf6 13. cxd5 cxd5 14. Nc6 Bxc6 15. Qxc6 Rc8 16. Qb5 Ne8 17. Qd3 Nd6 18. Nc3 Nf6 19. b3 Qd7 20. f3 Nf5 21. e3 Rfd8 22. Ne2 a5 23. a4 g5 24. Rac1 h5 25. Rxc8 Qxc8 26. Rc1 Qd7 27. Qa6 Rb8 1/2-1/2

[Event "CP-2015-P-00006"]
[White "Schrancz, Istvan"]
[Black "Boni, Roberto"]
[Site "LSS email"]
[Round "?"]
[Result "1/2-1/2"]
[Date "2015.09.28"]
[WhiteElo "2263"]
[BlackElo "1747"]
[PlyCount "71"]
[EventDate "2015.10.01"]
[EventType "tourn (corr)"]
[EventRounds "6"]
[EventCountry "GER"]
[SourceTitle "Corr 2022"]
[Source "ChessBase"]
[SourceDate "2021.10.24"]
[SourceVersion "1"]
[SourceVersionDate "2021.10.24"]
[SourceQuality "1"]

1. Nf3 g6 2. g3 Bg7 3. d4 c5 4. d5 d6 5. c4 b5 6. cxb5 a6 7. bxa6 Bxa6 8. Bg2 Nd7 9. 0-0 Ngf6 10. Nc3 Nb6 11. Rb1 Bc4 12. Ng5 Bxa2 13. Nxa2 Rxa2 14. Qb3 Ra8 15. Qb5+ Kf8 16. b4 Rb8 17. Be3 h6 18. bxc5 Nbd7 19. Qd3 hxg5 20. c6 Nc5 21. Rxb8 Qxb8 22. Rb1 Qa7 23. Rb7 Qa1+ 24. Qb1 Qxb1+ 25. Rxb1 Ne8 26. Rb7 Bf6 27. c7 Nxc7 28. Rxc7 Kg7 29. Bxc5 dxc5 30. Rxc5 Be5 31. h3 Bd6 32. Rc4 f5 33. Ra4 Rc8 34. Bf3 Rc2 35. Kg2 Kf7 36. Ra6 1/2-1/2

[Event "WC-2015-Q-00001"]
[White "Johansson, Krister"]
[Black "Schrancz, Istvan"]
[Site "LSS email"]
[Round "?"]
[Result "1/2-1/2"]
[Date "2015.09.08"]
[WhiteElo "2267"]
[BlackElo "2269"]
[PlyCount "49"]
[EventDate "2015.09.15"]
[EventType "tourn (corr)"]
[EventRounds "12"]
[EventCountry "GER"]
[SourceTitle "Corr 2022"]
[Source "ChessBase"]
[SourceDate "2021.10.24"]
[SourceVersion "1"]
[SourceVersionDate "2021.10.24"]
[SourceQuality "1"]

1. e4 d6 2. d4 Nf6 3. Nc3 e5 4. f4 exd4 5. Qxd4 Nc6 6. Qd1 g6 7. Nf3 Bg7 8. Bc4 0-0 9. 0-0 a6 10. e5 dxe5 11. Qxd8 Nxd8 12. fxe5 Ng4 13. Re1 Nc6 14. Bf4 Re8 15. Ng5 Rf8 16. Nf3 Re8 17. Bd5 Bd7 18. Rad1 Ncxe5 19. Nxe5 Nxe5 20. Bxb7 Rab8 21. Bd5 Bg4 22. Rc1 Bd7 23. Rcd1 Bg4 24. Rc1 Bd7 25. Rcd1 1/2-1/2

[Event "WC-2015-Q-00001"]
[White "Larin, Igor"]
[Black "Schrancz, Istvan"]
[Site "LSS email"]
[Round "?"]
[Result "1/2-1/2"]
[Date "2015.09.08"]
[WhiteElo "2225"]
[BlackElo "2269"]
[PlyCount "61"]
[EventDate "2015.09.15"]
[EventType "tourn (corr)"]
[EventRounds "12"]
[EventCountry "GER"]
[SourceTitle "Corr 2022"]
[Source "ChessBase"]
[SourceDate "2021.10.24"]
[SourceVersion "1"]
[SourceVersionDate "2021.10.24"]
[SourceQuality "1"]

1. e4 e6 2. d4 d5 3. Nc3 Bb4 4. e5 c5 5. a3 Bxc3+ 6. bxc3 Ne7 7. Qg4 0-0 8. Bd3 f5 9. exf6 Rxf6 10. Bg5 Rf7 11. Qh5 g6 12. Qd1 Qa5 13. Bd2 Nd7 14. Nf3 c4 15. Be2 Nc6 16. Ng5 Re7 17. f4 Nf6 18. 0-0 Bd7 19. a4 h6 20. Nh3 Rf7 21. Bf3 Ne7 22. Qe1 Nf5 23. Bc1 Ng7 24. Kh1 Re8 25. Ba3 Bxa4 26. Bc1 b5 27. Rf2 Qd8 28. Re2 a5 29. g4 Ne4 30. Kg2 Qd7 31. Bxe4 1/2-1/2

[Event "WC-2015-Q-00001"]
[White "Moormann, Joerg"]
[Black "Schrancz, Istvan"]
[Site "LSS email"]
[Round "?"]
[Result "1/2-1/2"]
[Date "2015.09.08"]
[WhiteElo "2365"]
[BlackElo "2269"]
[PlyCount "50"]
[EventDate "2015.09.15"]
[EventType "tourn (corr)"]
[EventRounds "12"]
[EventCountry "GER"]
[SourceTitle "Corr 2022"]
[Source "ChessBase"]
[SourceDate "2021.10.24"]
[SourceVersion "1"]
[SourceVersionDate "2021.10.24"]
[SourceQuality "1"]

1. Nf3 d5 2. c4 d4 3. b4 f6 4. e3 e5 5. c5 a5 6. Qa4+ Nc6 7. b5 Nb4 8. a3 Nd5 9. exd4 exd4 10. Qxd4 Qe7+ 11. Be2 Qxc5 12. 0-0 Qxd4 13. Nxd4 Bc5 14. Nb3 Bd6 15. Bf3 Nge7 16. Re1 Nf4 17. d4 Nd3 18. Rd1 Nxc1 19. Rxc1 Kf7 20. N1d2 a4 21. Nc5 Bf4 22. Ra2 Ra5 23. Nxb7 Bxb7 24. Bxb7 Rb8 25. Be4 Raxb5 1/2-1/2

[Event "WC-2015-Q-00001"]
[White "Schrancz, Istvan"]
[Black "Moormann, Joerg"]
[Site "LSS email"]
[Round "?"]
[Result "1/2-1/2"]
[Date "2015.09.08"]
[WhiteElo "2269"]
[BlackElo "2365"]
[PlyCount "39"]
[EventDate "2015.09.15"]
[EventType "tourn (corr)"]
[EventRounds "12"]
[EventCountry "GER"]
[SourceTitle "Corr 2022"]
[Source "ChessBase"]
[SourceDate "2021.10.24"]
[SourceVersion "1"]
[SourceVersionDate "2021.10.24"]
[SourceQuality "1"]

1. d4 d5 2. c4 e6 3. Nf3 c6 4. b3 Nf6 5. e3 Nbd7 6. Bd3 Bb4+ 7. Nbd2 Bc3 8. Rb1 e5 9. dxe5 Nxe5 10. Nxe5 Bxe5 11. 0-0 Bg4 12. Qc2 Qe7 13. h3 Bh5 14. f4 Bc7 15. Nf3 Bxf3 16. Rxf3 0-0 17. Bb2 Ne4 18. Bd4 Bb6 19. Bxb6 axb6 20. cxd5 1/2-1/2

[Event "WC-2015-Q-00001"]
[White "Stolz, Stephan"]
[Black "Schrancz, Istvan"]
[Site "LSS email"]
[Round "?"]
[Result "1-0"]
[Date "2015.09.08"]
[WhiteElo "2326"]
[BlackElo "2269"]
[PlyCount "79"]
[EventDate "2015.09.15"]
[EventType "tourn (corr)"]
[EventRounds "12"]
[EventCountry "GER"]
[SourceTitle "Corr 2022"]
[Source "ChessBase"]
[SourceDate "2021.10.24"]
[SourceVersion "1"]
[SourceVersionDate "2021.10.24"]
[SourceQuality "1"]

1. d4 e6 2. c4 Nf6 3. Nf3 Bb4+ 4. Bd2 a5 5. a3 Bxd2+ 6. Qxd2 0-0 7. Nc3 d6 8. e3 Qe7 9. Be2 e5 10. Qc2 Bg4 11. dxe5 dxe5 12. Ng5 g6 13. Bxg4 Nxg4 14. Nge4 c6 15. h3 Nh6 16. g4 f5 17. gxf5 gxf5 18. Rg1+ Kh8 19. Ng5 Rd8 20. Na4 Na6 21. Qc3 Rd6 22. f4 Re8 23. Rd1 Rxd1+ 24. Kxd1 Nf7 25. Nxf7+ Qxf7 26. Kc2 Qe6 27. Kb1 b5 28. Qxa5 Qxc4 29. Qxa6 Qe4+ 30. Ka2 bxa4 31. Qa7 Qd5+ 32. Ka1 Rg8 33. Re1 Re8 34. Qxa4 Qd2 35. Rd1 Qxe3 36. Qxc6 exf4 37. Qf6+ Kg8 38. Qg5+ Kh8 39. Qxf5 Ra8 40. Kb1 1-0

[Event "CP-2014-Q-00006"]
[White "Lelito, Jerzy"]
[Black "Schrancz, Istvan"]
[Site "LSS email"]
[Round "?"]
[Result "1/2-1/2"]
[Date "2014.12.02"]
[WhiteElo "2101"]
[BlackElo "2243"]
[PlyCount "55"]
[EventDate "2014.12.08"]
[EventType "tourn (corr)"]
[EventRounds "6"]
[EventCountry "GER"]
[SourceTitle "Corr 2022"]
[Source "ChessBase"]
[SourceDate "2021.10.24"]
[SourceVersion "1"]
[SourceVersionDate "2021.10.24"]
[SourceQuality "1"]

1. e4 e6 2. d4 d5 3. Nc3 Nf6 4. e5 Nfd7 5. f4 c5 6. Nf3 Nc6 7. Be3 a6 8. Qd2 b5 9. a3 Qa5 10. Rd1 Rb8 11. dxc5 b4 12. axb4 Qxb4 13. b3 Bxc5 14. Bxc5 Nxc5 15. Be2 0-0 16. 0-0 Rd8 17. Nd4 Nxd4 18. Qxd4 a5 19. f5 Qxd4+ 20. Rxd4 Nd7 21. fxe6 fxe6 22. Ra4 Nxe5 23. Rxa5 Bd7 24. Rc5 Rdc8 25. Ne4 dxe4 26. Rxe5 Rxc2 27. Bc4 Ra8 28. Bxe6+ 1/2-1/2